|
|
|
|
| LEADER |
01317nab a2200325 i 4500 |
| 001 |
publ29155 |
| 005 |
20231220084940.0 |
| 008 |
231220s2024 hu o 0|| Angol d |
| 022 |
|
|
|a 1751-6161
|
| 024 |
7 |
|
|a 10.1016/j.jmbbm.2023.106324
|2 doi
|
| 024 |
7 |
|
|a 34444479
|2 mtmt
|
| 040 |
|
|
|a SZTE Publicatio Repozitórium
|b hun
|
| 041 |
|
|
|a Angol
|
| 100 |
1 |
|
|a Fráter Márk Tibor
|
| 245 |
1 |
0 |
|a Evaluation of microhardness of short fiber-reinforced composites inside the root canal after different light curing methods – An in vitro study
|h [elektronikus dokumentum] /
|c Fráter Márk Tibor
|
| 260 |
|
|
|c 2024
|
| 300 |
|
|
|a 10
|
| 490 |
0 |
|
|a JOURNAL OF THE MECHANICAL BEHAVIOR OF BIOMEDICAL MATERIALS
|v 150
|
| 650 |
|
4 |
|a Fogászat, szájsebészet és -gyógyászat
|
| 700 |
0 |
1 |
|a Grosz János
|e aut
|
| 700 |
0 |
1 |
|a Jakab András Gábor
|e aut
|
| 700 |
0 |
1 |
|a Braunitzer Gábor
|e aut
|
| 700 |
0 |
1 |
|a Tarjányi Tamás
|e aut
|
| 700 |
0 |
1 |
|a Gulyás Gábor
|e aut
|
| 700 |
0 |
1 |
|a Bali Krisztián
|e aut
|
| 700 |
0 |
2 |
|a Villa-Machado Paula Andrea
|e aut
|
| 700 |
0 |
2 |
|a Garoushi Sufyan
|e aut
|
| 700 |
0 |
2 |
|a Forster András
|e aut
|
| 856 |
4 |
0 |
|u http://publicatio.bibl.u-szeged.hu/29155/3/34444479_megjelent.pdf
|z Dokumentum-elérés
|
| 856 |
4 |
0 |
|u http://publicatio.bibl.u-szeged.hu/29155/1/344444791-s2.0-S1751616123006781-main-1.pdf
|z Dokumentum-elérés
|